Finance and Development, March 1968.

This paper examines the export performance of developing countries. Taking any recent period, for example the past 15 years, the growth rate in export earnings for individual countries has varied from substantial year-to-year increases to absolute declines. Countries with growth rates as high as 13...

Szczegółowa specyfikacja

Opis bibliograficzny
Korporacja: International Monetary Fund. External Relations Dept
Format: Czasopismo
Język:English
Wydane: Washington, D.C. : International Monetary Fund, 1968.
Seria:Finance and Development; Finance and Development ; No. 0005/001
Dostęp online:Full text available on IMF
LEADER 01505cas a2200229 a 4500
001 AALejournalIMF011514
008 230101c9999 xx r poo 0 0eng d
020 |z 9781616352899 
022 |a 0145-1707 
040 |a BD-DhAAL  |c BD-DhAAL 
110 2 |a International Monetary Fund.  |b External Relations Dept. 
245 1 0 |a Finance and Development, March 1968. 
264 1 |a Washington, D.C. :  |b International Monetary Fund,  |c 1968. 
300 |a 1 online resource (60 pages) 
490 1 |a Finance and Development 
500 |a <strong>Off-Campus Access:</strong> No User ID or Password Required 
500 |a <strong>On-Campus Access:</strong> No User ID or Password Required 
506 |a Electronic access restricted to authorized BRAC University faculty, staff and students 
520 3 |a This paper examines the export performance of developing countries. Taking any recent period, for example the past 15 years, the growth rate in export earnings for individual countries has varied from substantial year-to-year increases to absolute declines. Countries with growth rates as high as 13 percent per year include Greece, Jamaica, and Peru, while at the other end of the spectrum are Bolivia, Paraguay, and Uruguay, whose export earnings declined in absolute terms. 
538 |a Mode of access: Internet 
830 0 |a Finance and Development; Finance and Development ;  |v No. 0005/001 
856 4 0 |z Full text available on IMF  |u http://elibrary.imf.org/view/journals/022/0005/001/022.0005.issue-001-en.xml  |z IMF e-Library